مقالات الحافظ قرآنیات / (Record no. 108477)

MARC details
000 -LEADER
fixed length control field 00898nam a22002657a 4500
005 - DATE AND TIME OF LATEST TRANSACTION
control field 20170123162340.0
010 ## - LIBRARY OF CONGRESS CONTROL NUMBER
LC control number A-645366
020 ## - INTERNATIONAL STANDARD BOOK NUMBER
Terms of availability 45.00
035 ## - SYSTEM CONTROL NUMBER
System control number A-645366
037 ## - SOURCE OF ACQUISITION
Source of stock number/acquisition Cen Lib/Ret
040 ## - CATALOGING SOURCE
Original cataloging agency DPL
Language of cataloging UR
082 ## - DEWEY DECIMAL CLASSIFICATION NUMBER
Classification number 270.2
Item number ب د ر
100 ## - MAIN ENTRY--PERSONAL NAME
Personal name بدر الدین الحافظ
9 (RLIN) 115272
245 ## - TITLE STATEMENT
Title مقالات الحافظ قرآنیات /
Remainder of title بدر الدین الحافظ
246 ## - VARYING FORM OF TITLE
Title proper/short title Muqalaat al-Hafiz Quraniyat /
Remainder of title by Badru-Uddin-Alhafiz
260 ## - PUBLICATION, DISTRIBUTION, ETC. (IMPRINT)
Place of publication, distribution, etc نیی دہلی
Name of publisher, distributor, etc مکتبہ جامہ لمیٹڈ
Date of publication, distribution, etc 1993
270 ## - ADDRESS
City نیی دہلی
Address جامہ نگر
Postal code 110025
300 ## - PHYSICAL DESCRIPTION
Extent 140p.
Dimensions 21cm(Hb)
500 ## - GENERAL NOTE
General note اشاریہ
650 ## - SUBJECT ADDED ENTRY--TOPICAL TERM
Topical term or geographic name as entry element مذہب -- اسلام
9 (RLIN) 126924
650 ## - SUBJECT ADDED ENTRY--TOPICAL TERM
Topical term or geographic name as entry element کہانیاں - قرآن
9 (RLIN) 530
650 ## - SUBJECT ADDED ENTRY--TOPICAL TERM
Topical term or geographic name as entry element Religion -- Islam
9 (RLIN) 92070
650 ## - SUBJECT ADDED ENTRY--TOPICAL TERM
Topical term or geographic name as entry element Stories -- Quranic
9 (RLIN) 126925
942 ## - ADDED ENTRY ELEMENTS (KOHA)
Source of classification or shelving scheme Dewey Decimal Classification
Koha item type Urdu Bks
Classification part 270.2
Call number suffix ب د ر
Holdings
Withdrawn status Lost status Damaged status Not for loan Home library Current library Date acquired Source of acquisition Cost, normal purchase price Total Checkouts Full call number Barcode Date last seen Copy number Cost, replacement price Price effective from Koha item type
        Central Library Central Library 21/01/2016 Cen Lib/Ret 45.00   270.2 ب د ر A-645366 21/01/2016 1 45.00 21/01/2016 Urdu Bks

© Delhi Public Library
Hit Counter
free hit counter